| 000 | 01023nam a22003137a 4500 | ||
|---|---|---|---|
| 003 | CHAP | ||
| 005 | 20220329135523.0 | ||
| 008 | 971013s1979 r 00010 d | ||
| 010 | _a37968 | ||
| 011 | _a38940 | ||
| 035 | _a43060 | ||
| 040 | _cCHAP | ||
| 082 |
_a595.701 _bM55 |
||
| 100 | 0 | 0 |
_aMiller, Thomas A. _975806 |
| 245 | _aInsect neurophysiological techniques | ||
| 260 |
_aNew York : _bSpringer-Verlag, _c1979 |
||
| 300 |
_a308 p. _b: ilus |
||
| 490 |
_aSpringer series in experimental entomology _v; 1 |
||
| 590 |
_aBATCH-UPD _b10 _c20130110 _lUCH01 _h0852 |
||
| 590 |
_aBATCH-UPD _b10 _c20130410 _lUCH01 _h0524 |
||
| 590 |
_aBATCH-UPD _b10 _c20130914 _lUCH01 _h1646 |
||
| 590 |
_aCONVERSION _b10 _c20130109 _lUCH01 _h1321 |
||
| 650 | 1 | 4 |
_aInsectos _xAnatomĂa y fisiologĂa. _958891 |
| 650 | 1 | 4 |
_aSistema nervioso. _9106730 |
| 830 | 0 |
_aSpringer series in experimental entomology _v; 1 _9109287 |
|
| 901 | _aBK | ||
| 942 | _cLIBRO | ||
| 949 |
_a595.701 M55 _bBC _cLIBRO _d33724000370524 _eLIBRO _h54377 _i43060 _si _t774.00 |
||
| 999 |
_c37968 _d37968 |
||